ნორმალური ფორმატი
MARC ფორმატი
ჩანაწერი Personal Name
ჩანაწერთა რაოდენობა, რომელიც გამოყენებულია: 2
001 - CONTROL NUMBER
- control field: 8716
003 - CONTROL NUMBER IDENTIFIER
- control field: GE_BSU
005 - DATE AND TIME OF LATEST TRANSACTION
- control field: 20200623141959.0
008 - FIXED-LENGTH DATA ELEMENTS
- fixed length control field: 200623|| aca||aabn | a|a d
040 ## - CATALOGING SOURCE
- Original cataloging agency: GE_BSU
- Transcribing agency: GE_BSU
100 ## - HEADING--PERSONAL NAME
- Personal name: Bone, Ian,
- Titles and other words associated with a name: FRCP.
670 ## - SOURCE DATA FOUND
- Source citation: Work cat.: (GE_BSU)0: Lindsay, Kenneth W. 8710, Neurology and neurosurgery illustrated /, 1997.
